000
00258nam a22001097a 4500
082
_a
621.042 IMP'E
100
_a
ENERCON
_9
79549
245
_a
IMPROVING STEAM BOILER OPERATING EFFICIENCY
260
_a
ISLAMABAD
_b
ENERCON
_c
1987
300
_a
C-2
942
_c
BK
999
_c
584575
_d
584575